| 000 | 00954nam a22003017a 4500 | ||
|---|---|---|---|
| 001 | BR9403007 | ||
| 003 | BR-BrBNA | ||
| 005 | 20230928094200.0 | ||
| 007 | ta | ||
| 008 | 230509b bl.||||| |||| 00| 0 por d | ||
| 040 |
_aBR-BrBNA _bpor _cBiblioteca Nacional de Agricultura |
||
| 041 | _a(Por) | ||
| 072 |
_aM12 _b8140 |
||
| 090 | _ 8140 BR9403007 | ||
| 100 | 1 | _aMiranda, M.O.T. de | |
| 110 | 1 |
_aUniversidade Federal de Minas Gerais, Belo Horizonte (Brasil). Escola de Veterinaria _0Tese (Mestrado) |
|
| 245 | 1 | _aCaracteristicas zootecnicas e rendimento de carcaca do surubim (Pseudoplatystomia coruscans)do Rio Sao Francisco | |
| 260 | 3 |
_aBelo Horizonte, MG (Brasil): _c1993. |
|
| 300 | _a50 p. | ||
| 500 | _a38 ref.; Summaries (Eng, Por); 7 tables; 5 graphs | ||
| 650 | _aSurubim | ||
| 650 | _aCarcaca | ||
| 650 | _aPeso | ||
| 650 | _aRendimento | ||
| 650 | _aRio Sao Francisco | ||
| 909 |
_a202309 _bLucia _c55 _dLucia Elande |
||
| 942 | _cBK | ||
| 999 |
_c49266 _d49266 |
||